书目信息 |
| 题名: |
问题女孩
|
|
| 作者: | 于秀 著 | |
| 分册: | ||
| 出版信息: | 北京 经济日报出版社 2000.01 |
|
| 页数: | 329页 | |
| 开本: | 21cm | |
| 丛书名: | 于秀家庭问题系列 | |
| 单 册: | ||
| 中图分类: | D669.5 | |
| 科图分类: | ||
| 主题词: | 姑娘--gu niang--社会问题--研究--中国 | |
| 电子资源: | ||
| ISBN: | 7-80127-689-2 | |
| 000 | 00902nam 2200265 450 | |
| 001 | 012008861953 | |
| 005 | 20080424221238.87 | |
| 010 | @a7-80127-689-2@dCNY17.60 | |
| 100 | @a20080424d2000 km y0chiy0120 ea | |
| 101 | 0 | @achi |
| 102 | @aCN@b110000 | |
| 105 | @ay z 000yy | |
| 106 | @ar | |
| 200 | 1 | @a问题女孩@Awen ti nu hai@e一个女作家的采访手记@f于秀著@Fyu xiu zhu |
| 210 | @a北京@c经济日报出版社@d2000.01 | |
| 215 | @a329页@d21cm | |
| 225 | 2 | @a于秀家庭问题系列@Ayu xiu jia ting wen ti xi lie |
| 330 | @a本书内容包括:这个妙龄女孩让太太们恐惧,15岁少女与老师的对话,我最大的快乐就是让她难受等等。 | |
| 410 | 0 | @12001 @a于秀家庭问题系列 |
| 517 | 1 | @a一个女作家的采访手记@Ayi ge nu zuo jia de cai fang shou ji |
| 606 | 0 | @a姑娘@Agu niang@x社会问题@x研究@y中国 |
| 690 | @aD669.5@v4 | |
| 701 | 0 | @a于秀@Ayu xiu@4著 |
| 801 | 0 | @aCN@bQSSK@c20080424 |
| 905 | @b20703364-66@dD669.5@eY729@f3 | |
| 问题女孩:一个女作家的采访手记/于秀著.-北京:经济日报出版社,2000.01 |
| 329页;21cm.-(于秀家庭问题系列) |
| ISBN 7-80127-689-2:CNY17.60 |
| 本书内容包括:这个妙龄女孩让太太们恐惧,15岁少女与老师的对话,我最大的快乐就是让她难受等等。 |
| ● |
| 相关链接 |
|
|
|
正题名:问题女孩
索取号:D669.5/Y729
 
预约/预借
| 序号 | 登录号 | 条形码 | 馆藏地/架位号 | 状态 | 备注 |
| 1 | 703364 | 207033645 | 社科库509/509社科库 76排5列3层/ [索取号:D669.5/Y729] | 在馆 | |
| 2 | 703365 | 207033654 | 社科库509/509社科库 76排5列3层/ [索取号:D669.5/Y729] | 在馆 | |
| 3 | 703366 | 207033663 | 社科库509/509社科库 76排5列3层/ [索取号:D669.5/Y729] | 在馆 |